| 000 | 00532nam a22001937a 4500 | ||
|---|---|---|---|
| 003 | KOHA_MİRAKIL | ||
| 005 | 20260330104412.0 | ||
| 008 | 260330b tu ||||| |||| 00| 0 tur d | ||
| 040 |
_aTR-AnABB _btur _cTR-AnABB |
||
| 041 | _atur | ||
| 082 |
_a307.76 _bOZE 2012 |
||
| 100 | 1 | _aÖzer, Ahmet | |
| 245 | 1 | 0 |
_aKent ve yaşam / _cAhmet Özer |
| 260 |
_aMersin : _bToros Üniversitesi Yayınları, _c2012 |
||
| 300 |
_a291 sayfa ; _c20 cm |
||
| 500 | _aYazar imzalı | ||
| 650 | 0 | 4 | _aKent sosyolojisi |
| 942 |
_2ddc _cBK |
||
| 999 |
_c10074 _d10074 |
||
| 900 | _bCan ÇELIK | ||